She’s Electric - Oasis - Statistics

General Stats
  • This quiz has been taken 62 times
  • The average score is 207 of 240
Answer Stats
Answer % Correct
a
100%
And
100%
and
100%
electric
100%
electric,
100%
I
100%
of
100%
She
100%
she
100%
“Do
96%
do
96%
family
96%
full
96%
is
96%
more
96%
need
96%
She’s
96%
she’s
96%
time
96%
to
96%
But
93%
got
93%
her
93%
in
93%
In
93%
know
93%
on
93%
done
89%
sister
89%
the
89%
want
89%
you
89%
blister
86%
brother
86%
expected
86%
God
86%
hand
86%
how
86%
I’ve
86%
knows
86%
me
86%
never
86%
say
86%
things
86%
what
86%
I’m
82%
missed
82%
mother
82%
only
82%
palm
82%
saying?”
82%
cousin
79%
eccentrics
79%
another
75%
don’t
75%
fancy
75%
mind
75%
my
75%
nothing
75%
now
75%
one
75%
that
75%
up
75%
with
75%
be
71%
get
71%
likes
71%
made
71%
oven
71%
quite
71%
think
71%
too?
71%
We
71%
about
68%
can
68%
Can
68%
dozen
68%
fact,
68%
it’s
68%
for
64%
I’ll
64%
lots
64%
Lots
64%
see
64%
us
64%
you’ll
64%
There’s
57%
Cause
54%
No matching quizzes found
Score Distribution
Percent of People with Each Score
Percentile by Number Answered
Your Score History
You have not taken this quiz